عرض عادي
عرض مارك
- Symposium on Graph Drawing
مدخل إسم مؤتمر
001 - رقم الضبط
- حقل الضبط: 18877
003 - معرف رقم الضبط
- حقل الضبط: OSt
005 - تاريخ ووقت أخر عملية
- حقل الضبط: 20121227183829.0
008 - عناصر بيانات ثابتة الطول
- حقل تحكم ثابت الطول: 121227|||a|||||| | ||| d
040 ## - مصدر الفهرسة
- هيئة الفهرسة الأصلية: OSt
- وكالة الكتابة: OSt
111 ## - مدخل -- اسم مؤتمر
- اسم الملتقي او اسم السلطه كعنصر مدخل: Symposium on Graph Drawing
- رقم الجزء / القسم/ الملتقي: (17th :
- تاريخ المؤتمر: 2009 :
- مكان الملتقي: Chicago, Ill.)
670 ## - بيانات المصدر موجوده
- الاستشهاد بالمصدر: Work cat.: (OSt)0: Symposium on Graph Drawing (17th : 2009 : Chicago, Ill.), Graph drawing, c2010.
